[Event "Ukraine Championship-2017 U20 (Boys) B"]
[Site "Lviv"]
[Date "2017.03.02"]
[Round "1.4"]
[White "Vetoshko, Volodymyr"]
[Black "Peppas, Hrisovaladis"]
[Result "1-0"]
[WhiteElo "2418"]
[BlackElo "1863"]
[PlyCount "41"]
[EventDate "2017.03.02"]
[EventRounds "9"]
[EventCountry "UKR"]

1. e4 c5 2. Nf3 e6 3. d4 cxd4 4. Nxd4 a6 5. c4 Qc7 6. Nc3 Nf6 7. a3 Nc6 8. Be3
Nxd4 9. Bxd4 Bc5 10. Be2 b6 11. e5 Ng8 12. Ne4 Bb7 13. Nd6+ Ke7 14. Nxb7 Qxb7
15. Bf3 Qc8 16. Bxc5+ bxc5 17. Bxa8 Qxa8 18. Qd6+ Ke8 19. O-O-O Qb7 20. Rd3 Nh6
21. Rhd1 1-0

[Event "Ukraine Championship-2017 U20 (Boys) B"]
[Site "Lviv"]
[Date "2017.03.02"]
[Round "1.5"]
[White "Domalchuk-Jonasson, Aleksandr"]
[Black "Peng, Li Min"]
[Result "0-1"]
[WhiteElo "1829"]
[BlackElo "2327"]
[PlyCount "52"]
[EventDate "2017.03.02"]
[EventRounds "9"]
[EventCountry "UKR"]

1. d4 g6 2. c4 Bg7 3. Nc3 d6 4. e4 e5 5. d5 a5 6. Be2 Na6 7. Be3 f5 8. f3 Bh6
9. Bf2 Nf6 10. h4 O-O 11. Nh3 Nh5 12. O-O fxe4 13. Nxe4 Bxh3 14. gxh3 Qd7 15.
Ng5 Bxg5 16. hxg5 Qxh3 17. Re1 Nf4 18. Bf1 Qh5 19. Bg3 Qxg5 20. Kh2 Nh5 21. Bf2
Rf4 22. Bh3 Raf8 23. Rg1 Qe7 24. Bg4 Nf6 25. Be3 Nxg4+ 26. fxg4 Qh4+ 0-1

[Event "Ukraine Championship-2017 U20 (Boys) B"]
[Site "Lviv"]
[Date "2017.03.02"]
[Round "1.6"]
[White "Roshka, Yevgeniy"]
[Black "Loktionov, Ilja"]
[Result "1-0"]
[WhiteElo "2326"]
[BlackElo "1824"]
[PlyCount "55"]
[EventDate "2017.03.02"]
[EventRounds "9"]
[EventCountry "UKR"]

1. e4 e6 2. d3 d5 3. Nd2 Nf6 4. Ngf3 Be7 5. g3 O-O 6. Bg2 b6 7. O-O Bb7 8. Re1
c5 9. e5 Nfd7 10. Nf1 Nc6 11. h4 Re8 12. N1h2 f5 13. exf6 Bxf6 14. Ng4 h6 15.
c4 d4 16. Nd2 Re7 17. Ne4 Qf8 18. Nd6 Ndb8 19. Nxf6+ Qxf6 20. Nxb7 Rxb7 21. Bf4
e5 22. Bxe5 Nxe5 23. Bxb7 Nbc6 24. Bxa8 Nf3+ 25. Kg2 Nxe1+ 26. Qxe1 Ne5 27.
Bd5+ Kh8 28. Qe4 1-0

[Event "Ukraine Championship-2017 U20 (Boys) B"]
[Site "Lviv"]
[Date "2017.03.02"]
[Round "2.4"]
[White "Kushko, Dmitriy"]
[Black "Vetoshko, Volodymyr"]
[Result "1-0"]
[WhiteElo "2072"]
[BlackElo "2418"]
[PlyCount "47"]
[EventDate "2017.03.02"]
[EventRounds "9"]
[EventCountry "UKR"]

1. e4 c5 2. c3 Nf6 3. e5 Nd5 4. d4 cxd4 5. Nf3 Nc6 6. cxd4 d6 7. Bc4 Nb6 8. Bb5
dxe5 9. Nxe5 Bd7 10. Bxc6 Bxc6 11. O-O Qd5 12. Nxc6 Qxc6 13. Nc3 e6 14. Re1 Bb4
15. Re3 O-O 16. Qg4 f5 17. Qh4 Bxc3 18. Rxc3 Qa4 19. Bg5 Qd7 20. Re1 Rac8 21.
Rh3 h6 22. Bxh6 gxh6 23. Qxh6 Rf7 24. Qh8# 1-0

[Event "Ukraine Championship-2017 U20 (Boys) B"]
[Site "Lviv"]
[Date "2017.03.02"]
[Round "2.5"]
[White "Peng, Li Min"]
[Black "Medvedyk, Vasyl"]
[Result "1/2-1/2"]
[WhiteElo "2327"]
[BlackElo "2016"]
[PlyCount "123"]
[EventDate "2017.03.02"]
[EventRounds "9"]
[EventCountry "UKR"]

1. b3 Nf6 2. Bb2 g6 3. c4 Bg7 4. Nc3 O-O 5. e3 c5 6. Nf3 Nc6 7. Rc1 e5 8. d3 b6
9. Be2 d5 10. cxd5 Nxd5 11. O-O Bb7 12. a3 h6 13. Qc2 Rc8 14. Rfd1 Nc7 15. Qb1
Qe7 16. Re1 Rfd8 17. Rcd1 Ne6 18. Ba1 Kh7 19. Bf1 f5 20. Nd2 a6 21. e4 f4 22.
Nd5 Qf7 23. Nxb6 Rb8 24. Nbc4 Ncd4 25. Bxd4 Nxd4 26. b4 Bc6 27. Nb3 cxb4 28.
Nxd4 Rxd4 29. axb4 a5 30. Nxa5 Rdxb4 31. Qc1 Ba4 32. Rd2 Qa7 33. Nc4 Qd4 34.
Qa1 Qxa1 35. Rxa1 Bb5 36. Nd6 Rd8 37. Nxb5 Rxb5 38. f3 Rb7 39. Rc1 Rbd7 40. Kf2
Bf8 41. Rdc2 Ba3 42. Rb1 Bd6 43. Rb5 Kg7 44. Rc6 Bb8 45. Be2 Ba7+ 46. Ke1 Bd4
47. Bd1 Ra8 48. Rb1 Ra2 49. Rc2 Rda7 50. Rbc1 Kf6 51. Rc6+ Kg7 52. Rc7+ Rxc7
53. Rxc7+ Kf6 54. Rc6+ Kg7 55. Rc7+ Kf6 56. Rc6+ Kg7 57. Rc7+ Kf6 58. Rc6+ Kg5
59. Rc2 Ra3 60. Ke2 Ra1 61. Rc6 Ra2+ 62. Rc2 1/2-1/2

[Event "Ukraine Championship-2017 U20 (Boys) B"]
[Site "Lviv"]
[Date "2017.03.02"]
[Round "2.6"]
[White "Lisnyak, Vladislav"]
[Black "Roshka, Yevgeniy"]
[Result "0-1"]
[WhiteElo "2023"]
[BlackElo "2326"]
[PlyCount "56"]
[EventDate "2017.03.02"]
[EventRounds "9"]
[EventCountry "UKR"]

1. e4 g6 2. d4 Bg7 3. Nc3 c6 4. Nf3 d5 5. Be3 dxe4 6. Nxe4 Nh6 7. c3 Nf5 8. Bf4
O-O 9. Bd3 Nd7 10. O-O Re8 11. Ng3 Nxg3 12. Bxg3 e5 13. dxe5 Nxe5 14. Nxe5 Bxe5
15. Bxe5 Rxe5 16. Qf3 Be6 17. Rad1 Qe7 18. c4 Re8 19. h3 Qb4 20. b3 Qa5 21. Bb1
Bc8 22. Kh2 Qc7 23. Kg1 b6 24. Bd3 c5 25. Qg3 Qe7 26. Bb1 Bb7 27. Rd2 Rg5 28.
Qxg5 Qxg5 0-1

[Event "Ukraine Championship-2017 U20 (Boys) B"]
[Site "Lviv"]
[Date "2017.03.02"]
[Round "3.4"]
[White "Roshka, Yevgeniy"]
[Black "Kazakov, Maksym"]
[Result "1-0"]
[WhiteElo "2326"]
[BlackElo "2137"]
[PlyCount "91"]
[EventDate "2017.03.02"]
[EventRounds "9"]
[EventCountry "UKR"]

1. e4 c5 2. Nf3 Nc6 3. d3 g6 4. g3 Bg7 5. Bg2 e5 6. O-O Nge7 7. c3 O-O 8. a3 d5
9. Nbd2 d4 10. Qc2 h6 11. cxd4 cxd4 12. b4 a6 13. Nb3 Kh7 14. Bd2 f5 15. Rfc1
fxe4 16. dxe4 Bg4 17. Ne1 Qc8 18. f3 Bh3 19. Nd3 Bxg2 20. Kxg2 Qe6 21. Nbc5 Qf7
22. Qd1 b6 23. Nd7 Rfd8 24. Nxb6 Rab8 25. Nc4 h5 26. Bg5 Bf6 27. Bxf6 Qxf6 28.
Nc5 a5 29. bxa5 Rb5 30. Nd3 Nxa5 31. Nxa5 Rxa5 32. a4 Qd6 33. Qb3 Kg7 34. Rab1
Rda8 35. Rc4 R8a6 36. Rb4 Kh6 37. Nb2 Nc6 38. Rb7 Ra7 39. Nc4 Qc5 40. Nxa5 Rxa5
41. Qg8 Qc2+ 42. Kh3 Kg5 43. Rg7 Ne7 44. Qd8 Qxb1 45. Qxe7+ Kh6 46. Rh7# 1-0

[Event "Ukraine Championship-2017 U20 (Boys) B"]
[Site "Lviv"]
[Date "2017.03.02"]
[Round "3.5"]
[White "Mosesov, Danylo"]
[Black "Soroka, Danylo"]
[Result "1-0"]
[WhiteElo "2140"]
[BlackElo "2288"]
[PlyCount "69"]
[EventDate "2017.03.02"]
[EventRounds "9"]
[EventCountry "UKR"]

1. Nf3 Nf6 2. g3 g6 3. Bg2 Bg7 4. O-O O-O 5. d3 c5 6. e4 Nc6 7. Nbd2 d6 8. c3
Rb8 9. a4 a6 10. h3 b5 11. axb5 axb5 12. Ne1 Qc7 13. f4 b4 14. Nc4 Nd7 15. Qc2
bxc3 16. bxc3 Nb6 17. Nxb6 Qxb6 18. Be3 Bd7 19. Nf3 Qb3 20. Rac1 Qxc2 21. Rxc2
Rb3 22. Rfc1 Rfb8 23. Nd2 Rb2 24. Kf2 Na5 25. Ke2 e6 26. g4 Kf8 27. Bf3 Ke7 28.
e5 Rxc2 29. Rxc2 Rc8 30. exd6+ Kxd6 31. Ne4+ Ke7 32. Bxc5+ Ke8 33. Nd6+ Kd8 34.
Bb6+ Ke7 35. Nxc8+ 1-0

[Event "Ukraine Championship-2017 U20 (Boys) B"]
[Site "Lviv"]
[Date "2017.03.02"]
[Round "3.6"]
[White "Bakhmatsky, Vladislav"]
[Black "Voloshinsky, Liubomir"]
[Result "0-1"]
[WhiteElo "2256"]
[BlackElo "2087"]
[PlyCount "140"]
[EventDate "2017.03.02"]
[EventRounds "9"]
[EventCountry "UKR"]

1. e4 e5 2. Nf3 Nc6 3. Bb5 a6 4. Ba4 Nf6 5. O-O Be7 6. d3 b5 7. Bb3 d6 8. a4
Rb8 9. axb5 axb5 10. c3 O-O 11. Re1 Bg4 12. Nbd2 b4 13. Bc2 Ra8 14. Rxa8 Qxa8
15. h3 Bh5 16. Nf1 bxc3 17. bxc3 Qa2 18. g4 Bg6 19. Bb3 Qa5 20. Qc2 Nd7 21. Ba4
Qa6 22. Ne3 Nc5 23. Bxc6 Qxc6 24. Nd5 Bd8 25. Be3 h5 26. Kg2 hxg4 27. hxg4 Qd7
28. Nh2 c6 29. Nb4 Ne6 30. Qa4 Nc5 31. Qa2 Nxd3 32. Nxd3 Bxe4+ 33. f3 Bxd3 34.
Rd1 Bg6 35. Bc5 Bc7 36. Qa3 Rd8 37. Nf1 Qe6 38. Bf2 e4 39. Ne3 exf3+ 40. Kxf3
Qe4+ 41. Ke2 d5 42. Rd4 Qe6 43. Qa6 Be5 44. Rb4 Bxc3 45. Rb3 d4 46. Bg1 Qxb3
47. Qc4 Qxc4+ 48. Nxc4 d3+ 49. Kd1 Re8 50. Be3 Be4 51. Nd2 Bxd2 52. Kxd2 Ra8
53. Kc3 Ra3+ 54. Kb2 Ra5 55. Kc3 Rd5 56. Kd2 c5 57. Kc3 Bf3 58. g5 Be2 59. Bd2
f6 60. Kc4 Rd8 61. gxf6 gxf6 62. Kxc5 f5 63. Kc4 Rf8 64. Kd4 f4 65. Be1 f3 66.
Ke3 Re8+ 67. Kd2 Kg7 68. Bf2 Kg6 69. Bd4 Kf5 70. Bf2 Kg4 0-1

[Event "Ukraine Championship-2017 U20 (Boys) B"]
[Site "Lviv"]
[Date "2017.03.02"]
[Round "4.4"]
[White "Yelisieiev, Yevhenii"]
[Black "Roshka, Yevgeniy"]
[Result "1-0"]
[WhiteElo "2169"]
[BlackElo "2326"]
[PlyCount "85"]
[EventDate "2017.03.02"]
[EventRounds "9"]
[EventCountry "UKR"]

1. d4 g6 2. Nf3 Bg7 3. g3 d6 4. Bg2 Nd7 5. O-O e5 6. c4 Ne7 7. Nc3 O-O 8. e4
exd4 9. Nxd4 Nc6 10. Nxc6 bxc6 11. Be3 Ne5 12. Qe2 Be6 13. b3 Nxc4 14. bxc4
Bxc3 15. Rab1 Rb8 16. Bxa7 Rxb1 17. Rxb1 c5 18. Qc2 Bd4 19. Rb7 Qf6 20. Rxc7
Bxc4 21. h4 Be6 22. a4 Qd8 23. Bb6 Qb8 24. a5 Rc8 25. Rxc8+ Bxc8 26. Qa4 Ba6
27. Qd7 Be5 28. h5 Kg7 29. Bh3 Bc4 30. Kh2 Qa8 31. Bg2 Bd3 32. h6+ Kxh6 33.
Qxf7 Bxe4 34. Bxe4 Qxe4 35. Qf8+ Kh5 36. Qf7 h6 37. Bd8 Qe2 38. Kg2 c4 39. a6
c3 40. a7 Qe4+ 41. Qf3+ Qxf3+ 42. Kxf3 c2 43. g4# 1-0

[Event "Ukraine Championship-2017 U20 (Boys) B"]
[Site "Lviv"]
[Date "2017.03.02"]
[Round "4.5"]
[White "Vachylya, Andriy"]
[Black "Mosesov, Danylo"]
[Result "1-0"]
[WhiteElo "2242"]
[BlackElo "2140"]
[PlyCount "67"]
[EventDate "2017.03.02"]
[EventRounds "9"]
[EventCountry "UKR"]

1. e4 c5 2. Nf3 d6 3. d4 cxd4 4. Nxd4 Nf6 5. Nc3 a6 6. Be3 Ng4 7. Bg5 h6 8. Bc1
Nf6 9. Bc4 e6 10. Bb3 Be7 11. O-O O-O 12. Be3 b5 13. a3 Bb7 14. f3 Nbd7 15. Kh1
Nc5 16. Ba2 Rc8 17. Qe1 Qc7 18. Rd1 Rfd8 19. Qg3 Kh7 20. Qh3 d5 21. exd5 Nxd5
22. Nxd5 Bxd5 23. Bb1 Kg8 24. c3 Bf8 25. Rfe1 Nb3 26. Qg4 Nxd4 27. Rxd4 e5 28.
Rxd5 Rxd5 29. Qe4 g6 30. Qxd5 Rd8 31. Qb3 Bg7 32. Bxg6 a5 33. Bb1 Qc6 34. Qc2
1-0

[Event "Ukraine Championship-2017 U20 (Boys) B"]
[Site "Lviv"]
[Date "2017.03.02"]
[Round "4.6"]
[White "Voloshinsky, Liubomir"]
[Black "Polulikh, Bogdan"]
[Result "0-1"]
[WhiteElo "2087"]
[BlackElo "2182"]
[PlyCount "80"]
[EventDate "2017.03.02"]
[EventRounds "9"]
[EventCountry "UKR"]

1. e4 e5 2. Nf3 Nf6 3. Nxe5 d6 4. Nf3 Nxe4 5. Nc3 Nxc3 6. dxc3 Be7 7. Be3 Nc6
8. Nd4 Nxd4 9. Bxd4 O-O 10. Bd3 Bf6 11. O-O Bxd4 12. cxd4 Qf6 13. Re1 Bd7 14.
c3 Rae8 15. Qb3 b6 16. Qc4 Qd8 17. d5 Rxe1+ 18. Rxe1 Re8 19. Rxe8+ Qxe8 20.
Qxc7 g6 21. Qc4 Qe1+ 22. Bf1 Qb1 23. b4 Bf5 24. Qe2 Kg7 25. a4 Qb3 26. Qd2 Qxa4
27. Qe1 Qb3 28. g3 Qxd5 29. Bg2 Qb3 30. h4 Qb1 31. Qxb1 Bxb1 32. Kf1 Kf6 33.
Ke2 Ke6 34. Ke3 a5 35. bxa5 bxa5 36. Kd4 a4 37. Kc4 Bc2 38. Bd5+ Ke5 39. Bc6 a3
40. f4+ Kf6 0-1

[Event "Ukraine Championship-2017 U20 (Boys) B"]
[Site "Lviv"]
[Date "2017.03.02"]
[Round "5.4"]
[White "Polulikh, Bogdan"]
[Black "Vachylya, Andriy"]
[Result "0-1"]
[WhiteElo "2182"]
[BlackElo "2242"]
[PlyCount "104"]
[EventDate "2017.03.02"]
[EventRounds "9"]
[EventCountry "UKR"]

1. d4 Nf6 2. c4 g6 3. Nc3 Bg7 4. e4 d6 5. Be2 O-O 6. Bg5 Na6 7. h4 c5 8. d5 Nc7
9. h5 e6 10. hxg6 fxg6 11. Qd2 exd5 12. cxd5 Qe8 13. f3 b5 14. Bh6 b4 15. Nd1
Rf7 16. Bxg7 Rxg7 17. Ne3 Nh5 18. O-O-O Qf8 19. g4 Nf4 20. Nh3 Nxe2+ 21. Qxe2
Ba6 22. Qf2 c4 23. g5 b3 24. axb3 cxb3 25. Ng4 Kh8 26. Nf6 Ne8 27. Qd4 Rc8+ 28.
Kb1 Rc4 29. Qe3 Nxf6 30. gxf6 Qxf6 31. Ng5 h5 32. Ne6 Rb7 33. Rdg1 Rc2 34. Qd4
Qxd4 35. Nxd4 Rd2 36. Ne6 Bd3+ 37. Kc1 Rc2+ 38. Kd1 Rb6 39. Rxg6 Be2+ 40. Ke1
Rc1+ 41. Kxe2 Rxh1 42. Rf6 Rh2+ 43. Kd3 Rxb2 44. Ng5 Kg7 45. Rf7+ Kg6 46. f4
Rg2 47. Rxa7 b2 48. f5+ Kxg5 49. Rg7+ Kf4 50. Rxg2 b1=Q+ 51. Kc4 Qb3+ 52. Kd4
Rb4# 0-1

[Event "Ukraine Championship-2017 U20 (Boys) B"]
[Site "Lviv"]
[Date "2017.03.02"]
[Round "5.5"]
[White "Peng, Li Min"]
[Black "Yelisieiev, Yevhenii"]
[Result "1/2-1/2"]
[WhiteElo "2327"]
[BlackElo "2169"]
[PlyCount "41"]
[EventDate "2017.03.02"]
[EventRounds "9"]
[EventCountry "UKR"]

1. e4 d6 2. Nc3 e5 3. f4 Nf6 4. Nf3 Nbd7 5. Bc4 Be7 6. d3 O-O 7. O-O c6 8. a4
a5 9. Kh1 Qc7 10. Qe1 exf4 11. Bxf4 Ne5 12. Nxe5 dxe5 13. Bg5 Nh5 14. Qh4 Bxg5
15. Qxh5 Bf6 16. Qf3 Qe7 17. Ne2 Be6 18. b3 Bg5 19. Qg3 Bf6 20. Qf3 Bg5 21. Qg3
1/2-1/2

[Event "Ukraine Championship-2017 U20 (Boys) B"]
[Site "Lviv"]
[Date "2017.03.02"]
[Round "5.6"]
[White "Ivanishen, Yuriy"]
[Black "Vetoshko, Volodymyr"]
[Result "0-1"]
[WhiteElo "2079"]
[BlackElo "2418"]
[PlyCount "112"]
[EventDate "2017.03.02"]
[EventRounds "9"]
[EventCountry "UKR"]

1. e4 c5 2. c3 Nf6 3. e5 Nd5 4. d4 cxd4 5. Nf3 Nc6 6. cxd4 d6 7. exd6 e6 8. Nc3
Nxc3 9. bxc3 Qxd6 10. Bd3 Be7 11. O-O O-O 12. a4 b6 13. Qe2 Bb7 14. Qe4 g6 15.
Qe2 Rac8 16. Ba3 Qd8 17. Bxe7 Qxe7 18. Rfc1 Rfd8 19. Ne5 Nxe5 20. Qxe5 Rd5 21.
Qe3 Ra5 22. Bc2 Qg5 23. Qxg5 Rxg5 24. g3 Rxc3 25. Bd1 Rxc1 26. Rxc1 Ra5 27. Rc7
Bd5 28. Bc2 Bf3 29. Kf1 Kg7 30. Ke1 Kf6 31. h4 Rd5 32. Rxa7 Rxd4 33. a5 bxa5
34. Rxa5 Bd5 35. Ra3 Rb4 36. Ke2 Rb2 37. Rc3 Be4 38. Kd2 Rxc2+ 39. Rxc2 Bxc2
40. Kxc2 Kf5 41. Kd3 Ke5 42. Ke3 f6 43. Kd3 h5 44. Ke3 Kf5 45. Kf3 e5 46. Ke3
g5 47. Kf3 g4+ 48. Ke3 Ke6 49. f3 gxf3 50. Kxf3 f5 51. Ke3 Kd5 52. Kd3 e4+ 53.
Ke2 Kd4 54. Kd2 e3+ 55. Ke2 Ke4 56. g4 fxg4 0-1

[Event "Ukraine Championship-2017 U20 (Boys) B"]
[Site "Lviv"]
[Date "2017.03.02"]
[Round "6.4"]
[White "Vachylya, Andriy"]
[Black "Yelisieiev, Yevhenii"]
[Result "1-0"]
[WhiteElo "2242"]
[BlackElo "2169"]
[PlyCount "113"]
[EventDate "2017.03.02"]
[EventRounds "9"]
[EventCountry "UKR"]

1. e4 d6 2. d4 Nf6 3. Nc3 e5 4. dxe5 dxe5 5. Qxd8+ Kxd8 6. Bc4 Ke8 7. f3 c6 8.
Be3 Nbd7 9. O-O-O Bc5 10. Bxc5 Nxc5 11. Nge2 Be6 12. Bxe6 Nxe6 13. Kd2 Ke7 14.
Ke3 Rad8 15. g4 g6 16. h4 h5 17. g5 Nd7 18. b3 Ndc5 19. f4 exf4+ 20. Nxf4 Nxf4
21. Kxf4 Ne6+ 22. Ke5 Rhe8 23. Rhf1 Nc5 24. Rxd8 Rxd8 25. Rf2 b5 26. a3 a5 27.
Re2 Ne6 28. Rf2 Rd6 29. Rxf7+ Kxf7 30. Kxd6 Nd4 31. Kc5 Nf3 32. Kxc6 b4 33.
axb4 axb4 34. Nd5 Nxh4 35. Nxb4 Nf3 36. Nd3 h4 37. Nf4 Nxg5 38. e5 Ne6 39. Ne2
g5 40. b4 g4 41. b5 g3 42. b6 g2 43. Ng1 Nd8+ 44. Kc7 Ne6+ 45. Kd6 Nd8 46. c4
Nb7+ 47. Kc7 Nc5 48. Kc6 Na6 49. b7 Ke6 50. Kb6 Nb8 51. Kc7 Na6+ 52. Kb6 Nb8
53. c5 Nd7+ 54. Kb5 Kxe5 55. c6 Kd6 56. cxd7 Kxd7 57. b8=Q 1-0

[Event "Ukraine Championship-2017 U20 (Boys) B"]
[Site "Lviv"]
[Date "2017.03.02"]
[Round "6.5"]
[White "Vetoshko, Volodymyr"]
[Black "Polulikh, Bogdan"]
[Result "1/2-1/2"]
[WhiteElo "2418"]
[BlackElo "2182"]
[PlyCount "92"]
[EventDate "2017.03.02"]
[EventRounds "9"]
[EventCountry "UKR"]

1. e4 e5 2. Nf3 Nf6 3. Nxe5 d6 4. Nf3 Nxe4 5. Nc3 Nxc3 6. dxc3 Be7 7. Be3 Nc6
8. Qd2 Be6 9. O-O-O Qd7 10. Kb1 h6 11. Nd4 Nxd4 12. cxd4 d5 13. Bd3 O-O-O 14.
Rhe1 Rhe8 15. Bf4 Bd6 16. Be5 Bxe5 17. Rxe5 f6 18. Re3 Bf7 19. Rg3 Bh5 20. Re1
Rxe1+ 21. Qxe1 Re8 22. Re3 Rxe3 23. Qxe3 Qe8 24. Bf5+ Kb8 25. Be6 Bf7 26. Bg4
Qxe3 27. fxe3 c6 28. Kc1 Kc7 29. Kd2 Kd6 30. Bf3 g5 31. c3 h5 32. g3 Bg6 33.
Be2 h4 34. gxh4 gxh4 35. Bd3 f5 36. Ke2 Bh5+ 37. Kf2 Ke6 38. Be2 Bxe2 39. Kxe2
Kf6 40. Kf3 Kg5 41. b3 a6 42. a3 a5 43. a4 b5 44. h3 bxa4 45. bxa4 Kg6 46. Kf4
Kf6 1/2-1/2

[Event "Ukraine Championship-2017 U20 (Boys) B"]
[Site "Lviv"]
[Date "2017.03.02"]
[Round "6.6"]
[White "Kazakov, Maksym"]
[Black "Peng, Li Min"]
[Result "0-1"]
[WhiteElo "2137"]
[BlackElo "2327"]
[PlyCount "68"]
[EventDate "2017.03.02"]
[EventRounds "9"]
[EventCountry "UKR"]

1. c4 g6 2. g3 Bg7 3. Bg2 d6 4. Nc3 f5 5. d3 Nf6 6. e4 O-O 7. Nge2 c5 8. O-O
Nc6 9. h3 e5 10. f4 exf4 11. Nxf4 Re8 12. Kh2 a6 13. Ncd5 Rb8 14. Nxf6+ Bxf6
15. Nd5 Bg7 16. h4 Be6 17. Bg5 Qd7 18. Nf6+ Bxf6 19. Bxf6 Rf8 20. Bc3 b5 21. b3
Ne5 22. exf5 Bxf5 23. Bd5+ Be6 24. Bxe6+ Qxe6 25. Bxe5 Qxe5 26. Qd2 Qd4 27. Kg2
bxc4 28. Rxf8+ Rxf8 29. bxc4 Qxa1 30. Qe2 Qe5 31. Qg4 Qf5 32. Qe2 Qe5 33. Qg4
Qe1 34. Kh3 Qh1# 0-1

[Event "Ukraine Championship-2017 U20 (Boys) B"]
[Site "Lviv"]
[Date "2017.03.02"]
[Round "7.4"]
[White "Roshka, Yevgeniy"]
[Black "Vachylya, Andriy"]
[Result "1-0"]
[WhiteElo "2326"]
[BlackElo "2242"]
[PlyCount "91"]
[EventDate "2017.03.02"]
[EventRounds "9"]
[EventCountry "UKR"]

1. e4 c5 2. Nf3 d6 3. d3 Nc6 4. g3 g6 5. Bg2 Bg7 6. O-O Nf6 7. Re1 O-O 8. c3 e5
9. a3 Re8 10. b4 b6 11. Nbd2 Rb8 12. Nc4 Qc7 13. b5 Nd8 14. Bg5 Ne6 15. Bxf6
Bxf6 16. a4 Bd7 17. Qb3 Ra8 18. a5 Reb8 19. axb6 axb6 20. Ra4 Rxa4 21. Qxa4 Ng5
22. Nfd2 Bd8 23. Ra1 f6 24. Ne3 Be6 25. Ndc4 Nf7 26. Bf3 h5 27. Bd1 Kg7 28. Bb3
f5 29. Nd2 Bxb3 30. Qxb3 Qb7 31. exf5 Bg5 32. fxg6 Bxe3 33. fxe3 Kxg6 34. Qe6+
Kg7 35. Ne4 Ra8 36. Qf6+ Kg8 37. Qg6+ Kf8 38. Rf1 Ra2 39. Qxd6+ Kg8 40. Qg6+
Kf8 41. Qxh5 Qd5 42. Qh8+ Ke7 43. Qf6+ Ke8 44. Qxf7+ Qxf7 45. Nd6+ Ke7 46. Nxf7
1-0

[Event "Ukraine Championship-2017 U20 (Boys) B"]
[Site "Lviv"]
[Date "2017.03.02"]
[Round "7.5"]
[White "Peng, Li Min"]
[Black "Vetoshko, Volodymyr"]
[Result "1/2-1/2"]
[WhiteElo "2327"]
[BlackElo "2418"]
[PlyCount "132"]
[EventDate "2017.03.02"]
[EventRounds "9"]
[EventCountry "UKR"]

1. e4 c5 2. Nc3 e6 3. g3 d5 4. exd5 exd5 5. d3 Nf6 6. Bg2 Be7 7. Nge2 d4 8. Ne4
O-O 9. O-O Nc6 10. Nf4 Bf5 11. Nxf6+ Bxf6 12. Nd5 Rc8 13. Qf3 Be6 14. Nxf6+
Qxf6 15. Qxf6 gxf6 16. a3 Rfe8 17. Bd2 Ne5 18. f4 Nc6 19. Rae1 f5 20. h3 Kg7
21. Bf3 Kg6 22. g4 Red8 23. Kf2 Bd5 24. gxf5+ Kf6 25. Be4 Ne7 26. Rg1 Rg8 27.
Rg5 c4 28. Bb4 Bxe4 29. Bxe7+ Kxe7 30. Rxe4+ Kf6 31. Rxg8 Rxg8 32. Rxd4 cxd3
33. Rxd3 Rc8 34. c3 Rc7 35. Rd5 Re7 36. Kf3 Re1 37. Rd7 Rf1+ 38. Kg3 Rg1+ 39.
Kf2 Rh1 40. Kg2 Rc1 41. Rxb7 Rc2+ 42. Kf3 h5 43. h4 a5 44. a4 Rh2 45. Kg3 Rd2
46. Rb6+ Kxf5 47. Rb5+ Kg6 48. Rg5+ Kf6 49. Rxh5 Rxb2 50. Rxa5 Ra2 51. Kg4 Rg2+
52. Kf3 Rh2 53. Kg3 Ra2 54. Ra7 Ra3 55. a5 Kg6 56. h5+ Kxh5 57. Rxf7 Rxc3+ 58.
Kf2 Ra3 59. Rf5+ Kg4 60. Rb5 Kxf4 61. Ke2 Ke4 62. Kd2 Kd4 63. Kc2 Kc4 64. Rh5
Kb4 65. Kb2 Rxa5 66. Rxa5 Kxa5 1/2-1/2

[Event "Ukraine Championship-2017 U20 (Boys) B"]
[Site "Lviv"]
[Date "2017.03.02"]
[Round "7.6"]
[White "Yelisieiev, Yevhenii"]
[Black "Yaremenko, Roman"]
[Result "0-1"]
[WhiteElo "2169"]
[BlackElo "2226"]
[PlyCount "64"]
[EventDate "2017.03.02"]
[EventRounds "9"]
[EventCountry "UKR"]

1. d4 d5 2. Nf3 Nf6 3. c4 e6 4. Nc3 Be7 5. Bg5 O-O 6. e3 Nbd7 7. Qc2 c6 8. Rd1
dxc4 9. Bxc4 b5 10. Bd3 Bb7 11. O-O a6 12. e4 h6 13. Bh4 Rc8 14. e5 Nd5 15.
Bxe7 Qxe7 16. Nxd5 cxd5 17. Qe2 Nb6 18. b3 Rc3 19. Bb1 Rfc8 20. Qd2 a5 21. Rc1
Qb4 22. Rxc3 Qxc3 23. Qf4 a4 24. bxa4 bxa4 25. Qh4 Ba6 26. Rd1 Be2 27. Re1 Bxf3
28. Rf1 Be2 29. Qe7 Bxf1 30. Qb7 Ba6 31. Qxa6 Qc1+ 32. Qf1 Qxf1+ 0-1

[Event "Ukraine Championship-2017 U20 (Boys) B"]
[Site "Lviv"]
[Date "2017.03.02"]
[Round "8.4"]
[White "Yaremenko, Roman"]
[Black "Roshka, Yevgeniy"]
[Result "1-0"]
[WhiteElo "2226"]
[BlackElo "2326"]
[PlyCount "110"]
[EventDate "2017.03.02"]
[EventRounds "9"]
[EventCountry "UKR"]

1. e4 g6 2. d4 Bg7 3. Nc3 c6 4. Be3 d5 5. f3 dxe4 6. fxe4 Nf6 7. Be2 O-O 8. Qd2
Ng4 9. Bxg4 Bxg4 10. Nf3 Bxf3 11. gxf3 e5 12. O-O-O exd4 13. Bxd4 Bxd4 14. Qxd4
Qxd4 15. Rxd4 Na6 16. Rhd1 Rfe8 17. Ne2 Re7 18. Rd8+ Rxd8 19. Rxd8+ Kg7 20. Ra8
b6 21. Rc8 c5 22. c3 f5 23. Ng3 f4 24. Ne2 g5 25. a4 Nc7 26. Kc2 h5 27. h4 Ne6
28. hxg5 Nxg5 29. Nxf4 Nxf3 30. Nxh5+ Kg6 31. Nf4+ Kg5 32. Nd5 Rxe4 33. Rg8+
Kh4 34. Rg7 Rxa4 35. Kb3 Ra5 36. Ne3 Ne5 37. Re7 Nd3 38. Nc4 Ra1 39. Kc2 Nf4
40. Na3 b5 41. Nxb5 Ra5 42. Nxa7 Nd5 43. Re4+ Kg3 44. Nc6 Ra6 45. Ne7 Kf3 46.
Re5 Ne3+ 47. Kd3 Rd6+ 48. Nd5 Nxd5 49. Kc4 Nf4 50. Rxc5 Ke4 51. b4 Nd3 52. Rh5
Rc6+ 53. Kb3 Ne5 54. b5 Rc5 55. c4 Rxc4 1-0

[Event "Ukraine Championship-2017 U20 (Boys) B"]
[Site "Lviv"]
[Date "2017.03.02"]
[Round "8.5"]
[White "Vachylya, Andriy"]
[Black "Peng, Li Min"]
[Result "0-1"]
[WhiteElo "2242"]
[BlackElo "2327"]
[PlyCount "92"]
[EventDate "2017.03.02"]
[EventRounds "9"]
[EventCountry "UKR"]

1. e4 g6 2. d4 Bg7 3. Nc3 d6 4. f4 a6 5. Nf3 b5 6. Bd3 Nd7 7. O-O c5 8. d5 Bb7
9. Re1 Ngf6 10. Bf1 b4 11. Nb1 O-O 12. Nbd2 Nb6 13. Nc4 Nxc4 14. Bxc4 a5 15.
Qd3 Nd7 16. Qf1 a4 17. Rb1 Nb6 18. Bb5 e6 19. dxe6 fxe6 20. Ng5 Qf6 21. Kh1 h6
22. Nf3 Qf7 23. a3 d5 24. e5 Rac8 25. axb4 cxb4 26. Qf2 Nc4 27. Bxa4 Bc6 28.
Bxc6 Rxc6 29. Nd4 Ra6 30. Qg3 Kh7 31. h4 Bh8 32. b3 Nb6 33. Bd2 Rg8 34. Qd3 Ra2
35. h5 Nd7 36. Bxb4 Raa8 37. Bd2 Rac8 38. Re3 Nc5 39. Qe2 gxh5 40. Rh3 Rg4 41.
Rf1 Ne4 42. Qd3 Rcg8 43. Kg1 Rxg2+ 44. Kh1 R2g3 45. Rf3 Rg1+ 46. Kh2 R8g2# 0-1

[Event "Ukraine Championship-2017 U20 (Boys) B"]
[Site "Lviv"]
[Date "2017.03.02"]
[Round "8.6"]
[White "Soroka, Danylo"]
[Black "Polulikh, Bogdan"]
[Result "1/2-1/2"]
[WhiteElo "2288"]
[BlackElo "2182"]
[PlyCount "118"]
[EventDate "2017.03.02"]
[EventRounds "9"]
[EventCountry "UKR"]

1. d4 Nf6 2. c4 e6 3. Nf3 d5 4. Nc3 Be7 5. Bg5 O-O 6. e3 h6 7. Bh4 Ne4 8. Bxe7
Qxe7 9. Rc1 Nxc3 10. Rxc3 c6 11. Bd3 Nd7 12. O-O dxc4 13. Bxc4 e5 14. dxe5 Nxe5
15. Nxe5 Qxe5 16. f4 Qe7 17. f5 Qf6 18. Qd4 Qxd4 19. exd4 Bd7 20. Rg3 Kh7 21.
f6 g6 22. Re3 Kg8 23. Re7 Rad8 24. Rd1 b5 25. Bb3 a5 26. a3 Bf5 27. Kf2 a4 28.
Ba2 Rd6 29. d5 cxd5 30. Bxd5 Rxf6 31. Ke3 Be6 32. Bxe6 Rxe6+ 33. Rxe6 fxe6 34.
Rd6 Kf7 35. Rb6 Rc8 36. Rxb5 Rc2 37. Kf3 Kf6 38. Rb4 e5 39. Rxa4 Rxb2 40. h4 h5
41. g3 Kf5 42. Ra5 Rb3+ 43. Kf2 Ke4 44. Ra4+ Kd3 45. Kf3 Rb6 46. Ra7 Rf6+ 47.
Kg2 e4 48. Rd7+ Ke2 49. a4 e3 50. a5 Ke1 51. Rd3 e2 52. Ra3 Kd2 53. Ra2+ Ke3
54. Ra3+ Kd4 55. Ra1 Kc3 56. Ra3+ Kd2 57. Ra2+ Ke3 58. Ra3+ Kd4 59. Ra1 Kd3
1/2-1/2